00864cam a2200241 a 450000100100000000500170001000800410002702000150006804000180008308200180010110000440011924500430016326000570020630000210026349000400028465000280032465000420035283000490039491000340044304900090047795201210048699900150060700000921320200929161523.0900522s1989 sp 001 f spa  a8476581556 aDO-SdBNPcDLC a863.64bJ614s1 aJiménez Lozano, José,d1930-92390010aSara de Ur /cJosé Jiménez Lozano. aBarcelona :bAnthropos, Editorial del Hombre,c1989. a125 p. ;c20 cm.1 aÁmbitos literariosv29aNarrativa 4aNovela española91123 4aLiteratura españolaySIGLO XX93326 0aÁmbitos literarios ;v29pNarrativa921663 aCatalogación por copia / LC aBNGR 001052708MOaGRbGRcCTd2009-09-28iLF1l0o863.64 J614sp9213-10r2020-06-25w2020-06-25y2ZPréstamo interno c8976d8976